000 00516nam a22001577a 4500
005 20251108175332.0
008 250721s1955 xx 000 0 ara d
082 1 4 _aم/810/نوي
100 1 _aالنويري، شهاب الدين بن احمد بن عبد الوهاب
245 1 0 _aنهاية الأرب في فنون الأدب /
264 1 _aالقاهرة :
_bدار الكتب المصرية،
_c1955.
300 _a31 مج.
650 1 7 _aالأدب العربي
942 _2ddc
_cREF
999 _c131705
_d131705